[Event "RSA-ch U16 Girls"]
[Site "Gauteng"]
[Date "2017.04.08"]
[Round "7"]
[White "Van Heerden, Lara"]
[Black "Dinham, Megan"]
[Result "1-0"]
[WhiteElo "1366"]
[BlackElo "1272"]
[PlyCount "52"]
[EventDate "2017.04.05"]
[EventType "swiss"]
[EventRounds "11"]
[EventCountry "RSA"]
[SourceTitle "CBM 177 Extra"]
[Source "ChessBase"]
[SourceDate "2017.04.27"]
[SourceVersion "1"]
[SourceVersionDate "2017.04.27"]
[SourceQuality "1"]

1. e4 c5 2. Nf3 d6 3. d4 cxd4 4. Nxd4 Nf6 5. Nc3 g6 6. Be2 Bg7 7. f4 Nc6 8. Nb3 0-0 9. Be3 Bd7 10. Qd2 Ng4 11. h3 Nxe3 12. Qxe3 Qc7 13. g4 e6 14. 0-0-0 Bh6 15. g5 Bg7 16. Nb5 Qb8 17. Nxd6 Ne7 18. Bc4 Bc6 19. Rhf1 Rd8 20. e5 Nc8 21. Nxc8 Qxc8 22. h4 Rxd1+ 23. Rxd1 b5 24. Bd3 Bf8 25. h5 a6 26. hxg6 fxg6 1-0

[Event "RSA-ch U16 Girls"]
[Site "Gauteng"]
[Date "2017.04.06"]
[Round "2"]
[White "Van Heerden, Lara"]
[Black "Shiane, Reneilwe"]
[Result "1-0"]
[WhiteElo "1366"]
[BlackElo "921"]
[PlyCount "67"]
[EventDate "2017.04.05"]
[EventType "swiss"]
[EventRounds "11"]
[EventCountry "RSA"]
[SourceTitle "CBM 177 Extra"]
[Source "ChessBase"]
[SourceDate "2017.04.27"]
[SourceVersion "1"]
[SourceVersionDate "2017.04.27"]
[SourceQuality "1"]

1. e4 e5 2. Nf3 Nc6 3. Bc4 Qe7 4. d3 d6 5. h4 Be6 6. Bg5 Nf6 7. Bb5 h6 8. Be3 a6 9. Bxc6+ bxc6 10. Nc3 Bd7 11. 0-0 d5 12. exd5 cxd5 13. Re1 Qd6 14. Bd4 Be7 15. Bxe5 Qc6 16. Nd4 Qb6 17. Nb3 0-0 18. Bxf6 Bxf6 19. Nxd5 Qd6 20. Nxf6+ Qxf6 21. Rb1 Qg6 22. Qf3 Bc6 23. Qg3 Qxg3 24. fxg3 Rfe8 25. Nc5 Rxe1+ 26. Rxe1 Rb8 27. b3 Rb5 28. Nxa6 Ra5 29. Nb4 Bd7 30. a4 Rf5 31. Re7 c5 32. Na6 Bc6 33. Rc7 Rf6 34. Nxc5 1-0

[Event "World ol U16"]
[Site "Poprad"]
[Date "2016.07.23"]
[Round "2.4"]
[White "Goss, Alex"]
[Black "Van Heerden, Lara"]
[Result "1-0"]
[WhiteElo "1618"]
[BlackElo "1259"]
[PlyCount "97"]
[EventDate "2016.07.22"]
[EventType "team-swiss"]
[EventRounds "9"]
[EventCountry "SVK"]
[SourceTitle "EXT 2017"]
[Source "ChessBase"]
[SourceDate "2016.10.25"]
[SourceVersion "1"]
[SourceVersionDate "2016.10.25"]
[SourceQuality "1"]
[WhiteTeam "Ireland"]
[BlackTeam "South Africa III"]
[WhiteTeamCountry "IRL"]
[BlackTeamCountry "RSA"]

1. d4 d5 2. c4 e6 3. Nc3 h6 4. Nf3 Nc6 5. Bf4 a6 6. e3 Nf6 7. Be2 b6 8. cxd5 exd5 9. 0-0 Bb7 10. Rc1 Bd6 11. Bxd6 Qxd6 12. a3 0-0 13. b4 b5 14. Nd2 Rfe8 15. Nb3 Rab8 16. Nc5 Nd7 17. Bf3 Ne7 18. Qb3 c6 19. Ra1 Nb6 20. a4 Nc4 21. Rfd1 Nf5 22. axb5 axb5 23. Ra7 Re7 24. Qb1 Bc8 25. Qa2 Bb7 26. Ra1 g6 27. Bg4 Ng7 28. Be2 Nb6 29. Na6 Ra8 30. Rxa8+ Nxa8 31. Nc5 Nb6 32. Qb3 Ne6 33. Ra7 Nd8 34. Qa3 Kh7 35. Nb1 h5 36. Nd2 Kh6 37. Ndb3 Nc8 38. Nxb7 Nxb7 39. Ra6 Qc7 40. Nc5 g5 41. Bxb5 Nb6 42. Bd3 Nc8 43. Nxb7 Qxb7 44. b5 Kg7 45. Rxc6 Re8 46. Qa6 Qd7 47. Rh6 h4 48. Qf6+ Kg8 49. Rh8# 1-0

[Event "World ol U16"]
[Site "Poprad"]
[Date "2016.07.22"]
[Round "1.4"]
[White "Van Heerden, Lara"]
[Black "Onur, Cigdem"]
[Result "0-1"]
[WhiteElo "1259"]
[BlackElo "1791"]
[PlyCount "104"]
[EventDate "2016.07.22"]
[EventType "team-swiss"]
[EventRounds "9"]
[EventCountry "SVK"]
[SourceTitle "EXT 2017"]
[Source "ChessBase"]
[SourceDate "2016.10.25"]
[SourceVersion "1"]
[SourceVersionDate "2016.10.25"]
[SourceQuality "1"]
[WhiteTeam "South Africa III"]
[BlackTeam "Turkey"]
[WhiteTeamCountry "RSA"]
[BlackTeamCountry "TUR"]

1. e4 c5 2. Nf3 Nc6 3. Bc4 e6 4. Nc3 a6 5. a4 d6 6. d3 Be7 7. 0-0 Nf6 8. h3 0-0 9. Bg5 h6 10. Bf4 d5 11. exd5 exd5 12. Bb3 Bd6 13. Bd2 Be6 14. Re1 Qd7 15. Ne2 Nh5 16. c4 d4 17. Qc1 Bxh3 18. Bxh6 Bxg2 19. Nh4 Bf3 20. Qg5 Qg4+ 21. Qxg4 Bxg4 22. Bd2 Rfe8 23. f3 Bd7 24. Rab1 Be7 25. Ng2 Ne5 26. f4 Nf3+ 27. Kf2 Nxd2 28. Bc2 Nxb1 29. Rxb1 Bd6 30. Rh1 Bg4 31. Bd1 Bxe2 32. Bxe2 Nxf4 33. Nxf4 Bxf4 34. Rh5 b6 35. Bf3 Rab8 36. Bd5 Re5 37. Rh4 g5 38. Rg4 Kg7 39. b3 f5 40. Rg2 Rh8 41. Kg1 g4 42. Bb7 g3 43. Kf1 Rh1+ 44. Rg1 Re1+ 45. Kxe1 Rxg1+ 46. Ke2 Be3 47. Kf3 f4 48. Be4 Rf1+ 49. Kg2 Rf2+ 50. Kg1 f3 51. a5 Rg2+ 52. Kh1 Rh2# 0-1

[Event "RSA-ch U16 Girls"]
[Site "Bloemfontein"]
[Date "2016.03.24"]
[Round "8"]
[White "Kara, Zahra"]
[Black "Van Heerden, Lara"]
[Result "1-0"]
[WhiteElo "1235"]
[BlackElo "1265"]
[PlyCount "119"]
[EventDate "2016.03.20"]
[EventType "swiss"]
[EventRounds "11"]
[EventCountry "RSA"]
[SourceTitle "CBM 171 Extra"]
[Source "ChessBase"]
[SourceDate "2016.04.26"]
[SourceVersion "1"]
[SourceVersionDate "2016.04.26"]
[SourceQuality "1"]

1. e4 e5 2. Nf3 Nc6 3. Bc4 Bc5 4. c3 Nf6 5. d4 exd4 6. cxd4 Bb4+ 7. Bd2 Nxe4 8. Bxb4 Nxb4 9. Bxf7+ Kxf7 10. Qb3+ d5 11. Ne5+ Ke8 12. Qxb4 Qf6 13. 0-0 Rf8 14. f3 b6 15. Qb5+ c6 16. Qxc6+ Qxc6 17. Nxc6 Bb7 18. fxe4 Rxf1+ 19. Kxf1 Bxc6 20. e5 Rc8 21. Nc3 Ke7 22. Ke2 Ke6 23. Rf1 Bb7 24. Ke3 a5 25. Rf2 h6 26. h4 Ba6 27. g4 Rc7 28. Ne2 Ke7 29. Nf4 Bb7 30. g5 hxg5 31. hxg5 Rc8 32. g6 b5 33. Nh5 Rf8 34. Nxg7 Rxf2 35. Kxf2 Kf8 36. Ne6+ Kg8 37. Kg3 Bc8 38. Nf4 Kg7 39. Nxd5 Kxg6 40. Ne7+ Kf7 41. Nxc8 Ke6 42. Kf4 b4 43. Ke4 a4 44. d5+ Kd7 45. Nb6+ Ke7 46. Kf5 a3 47. bxa3 bxa3 48. d6+ Ke8 49. e6 Kd8 50. Nd5 Ke8 51. Kf6 Kf8 52. e7+ Ke8 53. Nc7+ Kd7 54. e8Q+ Kxd6 55. Qe5+ Kc6 56. Ke6 Kb6 57. Kd6 Ka7 58. Kc6 Kb8 59. Qe8+ Ka7 60. Qa8# 1-0

[Event "RSA-ch U16 Girls"]
[Site "Bloemfontein"]
[Date "2016.03.24"]
[Round "9"]
[White "Van Heerden, Lara"]
[Black "Mohideen, Hasinath"]
[Result "0-1"]
[WhiteElo "1265"]
[BlackElo "956"]
[PlyCount "36"]
[EventDate "2016.03.20"]
[EventType "swiss"]
[EventRounds "11"]
[EventCountry "RSA"]
[SourceTitle "CBM 171 Extra"]
[Source "ChessBase"]
[SourceDate "2016.04.26"]
[SourceVersion "1"]
[SourceVersionDate "2016.04.26"]
[SourceQuality "1"]

1. e4 e5 2. Nf3 Nc6 3. Bc4 Bc5 4. c3 Nf6 5. d4 exd4 6. cxd4 Bb4+ 7. Bd2 Bxd2+ 8. Nbxd2 d5 9. e5 dxc4 10. exf6 Qxf6 11. Nxc4 Bg4 12. Nce5 Bxf3 13. Nxf3 0-0-0 14. d5 Qxb2 15. 0-0 Qb5 16. Nd4 Nxd4 17. Qxd4 Qxd5 18. Qc3 Qd4 0-1

[Event "RSA-ch U14 Girls"]
[Site "Waterkloof"]
[Date "2015.04.04"]
[Round "1"]
[White "Van Heerden, Lara"]
[Black "Vuso, Hlomisa"]
[Result "0-1"]
[WhiteElo "1018"]
[BlackElo "1194"]
[PlyCount "130"]
[EventDate "2015.04.04"]
[EventType "swiss"]
[EventRounds "9"]
[EventCountry "RSA"]
[SourceTitle "CBM 166 Extra"]
[Source "ChessBase"]
[SourceDate "2015.06.18"]
[SourceVersion "1"]
[SourceVersionDate "2015.06.18"]
[SourceQuality "1"]

1. e4 c5 2. d3 Nc6 3. Nf3 e6 4. Nbd2 d5 5. g3 Nf6 6. Bg2 Be7 7. 0-0 0-0 8. Re1 d4 9. c3 dxc3 10. bxc3 Qxd3 11. Re3 Qd8 12. Bb2 Ng4 13. Re1 Nce5 14. Nxe5 Nxe5 15. c4 Nd3 16. Bc3 Nxe1 17. Qxe1 b6 18. e5 Rb8 19. Rd1 Qd3 20. Qe3 Qxe3 21. fxe3 Bg5 22. Re1 Rd8 23. Ne4 Be7 24. a3 Ba6 25. Bf1 Rd7 26. a4 Rbd8 27. Be2 Bb7 28. Nf2 Bg5 29. e4 Be3 30. Bf3 Bxf2+ 31. Kxf2 Rd3 32. Bb2 Rd2+ 33. Re2 Rxe2+ 34. Kxe2 Ba6 35. Ke3 Bxc4 36. Be2 Bb3 37. Bb5 c4 38. Ke2 Rc8 39. Ba3 c3 40. Kd3 c2 41. Kd2 Rd8+ 42. Kc3 Rc8+ 43. Kxb3 c1Q 44. Bxc1 Rxc1 45. Kb4 Rh1 46. Bc6 Rxh2 47. Kb5 Rg2 48. Ka6 Rxg3 49. Kxa7 Ra3 50. Kxb6 h5 51. a5 h4 52. Bb5 g5 53. a6 g4 54. a7 g3 55. Bf1 f5 56. exf5 exf5 57. e6 Kf8 58. Bh3 f4 59. Kb7 f3 60. a8Q+ Rxa8 61. Kxa8 g2 62. Bxg2 fxg2 63. Kb7 Ke7 64. Kc6 Kxe6 65. Kc5 g1Q+ 0-1